000 00424nam a22001697a 4500
005 20260310154532.0
008 260310b |||||||| |||| 00| 0 eng d
037 _cTextbook
040 _aFMUL
_cFMUL
084 _aNRV33 Q8
_qFMUL
100 _aMulankar, arvind
_91131577
245 _aTabla
260 _aVaranasi
_blumins books
_c2018
300 _a488 p.
650 _aFMUL
942 _2CC
_cTB
_hNRV33 Q8
_n0
999 _c1715062
_d1715062